NEW DIRECTIONS IN CONSUMER RESEARCH (Record no. 30992)
[ view plain ]
| 000 -LEADER | |
|---|---|
| fixed length control field | 00354nam a2200145Ia 4500 |
| 008 - FIXED-LENGTH DATA ELEMENTS--GENERAL INFORMATION | |
| fixed length control field | 240624s9999 xx 000 0 und d |
| 041 ## - LANGUAGE CODE | |
| Language code of text/sound track or separate title | eng |
| 082 ## - DEWEY DECIMAL CLASSIFICATION NUMBER | |
| Classification number | 658.8342 HEW |
| 100 ## - MAIN ENTRY--PERSONAL NAME | |
| Personal name | HEWER PAUL |
| 245 ## - TITLE STATEMENT | |
| Title | NEW DIRECTIONS IN CONSUMER RESEARCH |
| 260 ## - PUBLICATION, DISTRIBUTION, ETC. | |
| Date of publication, distribution, etc. | 2015 |
| Place of publication, distribution, etc. | New Delhi |
| Name of publisher, distributor, etc. | Sage |
| 300 ## - PHYSICAL DESCRIPTION | |
| Extent | xxvi, 311 p.; 23 cm. |
| 365 ## - TRADE PRICE | |
| Currency code | BPS |
| Price amount | 38 |
| 440 ## - SERIES STATEMENT/ADDED ENTRY--TITLE | |
| Volume/sequential designation | 1 |
| Withdrawn status | Lost status | Damaged status | Not for loan | Home library | Current library | Shelving location | Date acquired | Full call number | Barcode | Date last seen | Copy number | Price effective from | Koha item type |
|---|---|---|---|---|---|---|---|---|---|---|---|---|---|
| IMTN | IMTN | Rack 37-B | 09/05/2018 | 658.8342 HEW | 30992 | 06/24/2024 | 94.4 | 06/24/2024 | Books |